ユーゴスラビアの七つの国境・六つの共和国・五つの民族・四つの言語・三つの宗教・二つの文字・一つの国家 - Statistics

General Stats
  • This quiz has been taken 348 times
  • The average score is 20 of 28
Answer Stats
Hint Answer % Correct
セルビア
94%
クロアチア
91%
6つの共和国 スロベニア
87%
ボスニア・ヘルツェゴビナ
87%
モンテネグロ
87%
ギリシャ
85%
マケドニア
83%
ルーマニア
82%
ハンガリー
81%
アルバニア
81%
1つの国家 ユーゴスラビア
81%
ブルガリア
80%
7つの国境 イタリア
78%
オーストリア
76%
イスラム教
71%
セルビア語
69%
クロアチア語
67%
3つの宗教 カトリック
67%
クロアチア人
66%
セルビア人
66%
キリル文字
66%
4つの言語 スロベニア語
62%
正教
60%
5つの民族 スロベニア人
58%
マケドニア人
57%
マケドニア語
57%
2つの文字 ラテン文字
48%
ムスリム人
25%
No matching quizzes found
Score Distribution
Percent of People with Each Score
Percentile by Number Answered
Your Score History
You have not taken this quiz